| 000 | 00651nam a2200253Ia 4500 | ||
|---|---|---|---|
| 008 | 160803s9999 xx 000 0 und d | ||
| 020 | _a978-0440422471 | ||
| 100 | _aAppelbaum, Susannah | ||
| 245 | 4 | _aThe Hollow bettle / | |
| 245 | _cSusannah Appelbaum ; illustrated by Jennifer Taylor. | ||
| 260 | _aNew York : | ||
| 260 | _bScholastic Inc. | ||
| 260 | _c2009 | ||
| 300 | _a399 page ; | ||
| 300 | _billustration : | ||
| 300 | _c22 cm. | ||
| 440 | _aThe poisons of Caux ; | ||
| 440 | _vbk. 1. | ||
| 650 | _aPoisons -- | ||
| 650 | _aUncles -- | ||
| 650 | _xJuvenile fiction. | ||
| 650 | _xJuvenile fiction. | ||
| 700 | _a1010 | ||
| 999 |
_c298667 _d298667 |
||